| 000 | 00960nam a22002177a 4500 | ||
|---|---|---|---|
| 999 |
_c9622 _d9622 |
||
| 003 | AR-CdUCM | ||
| 008 | 190328b ||||| |||| 00| 0 spa d | ||
| 040 |
_aMUNICIPALIDAD PROVINCIAL DEL CUSCO _cBIBLIOTECA MUNICIPAL DEL CUSCO |
||
| 082 |
_a985.033 / 1957 / _bL672 |
||
| 100 |
_aLewin, Boleslao _925946 |
||
| 245 | _aLa rebelión de Túpac Amaru y los orígenes de la emancipación americana / | ||
| 260 |
_aBuenos Aires : _bLibreria Hachette, _c1957 |
||
| 300 |
_a1023 páginas ; _c21 cm. |
||
| 505 | _aContenido: La política europea en el siglo XVIII en relación con las colonias españolas -- La política española del siglo XVIII en la situación de las colonias -- Levantamientos y conspiraciones en le primera etapa del siglo XVIII... | ||
| 650 |
_aBiografías históricas _96252 |
||
| 650 |
_aRevolución de Túpac Amaru _915410 |
||
| 650 |
_aAmérica Latina _91130 |
||
| 650 |
_aColonias españolas _99671 |
||
| 942 |
_2ddc _cLIBROS |
||
| 945 | _adavv | ||